| 000 | 01283nam a22002057a 4500 | ||
|---|---|---|---|
| 999 |
_c27695 _d27695 |
||
| 003 | BDDh-ASL | ||
| 005 | 20231016062617.0 | ||
| 008 | 201104s1917 b ||||| |||| 00| 0 b d | ||
| 040 |
_aBDDh-ASL _cBDDh-ASL _dBDDh-ASL |
||
| 041 | _aben | ||
| 082 |
_a922.954 _bAMS |
||
| 100 | 1 |
_95872 _aআম্বুলী, শ্রীকালীরচণ চক্রবত্র্তী |
|
| 245 | 1 | 0 |
_aসাধক রাজমোহন। বা: _bবিক্রমপুরের রাজমোহন আম্বুলী তর্কালঙ্কার মহাশয়ের জীবনী ও মালসী গান এবং কতিপয় সিদ্ধপুরুষ ও সাধক রাজমোহনের সমকালবত্র্তী বিক্রমপুরের প্রসিদ্ধ পণ্ডিতগণের সংক্ষিপ্ত পরিচয়। / |
| 246 | _a Sadhak Rajmohon | ||
| 260 |
_aঢাকা: _cঢাকা সিটী লাইব্রেরী, _b১৯১৭। |
||
| 300 |
_a২৪৪ পৃষ্ঠা, : _c২০ সে.মি.। |
||
| 600 | 1 | 0 |
_95873 _aআম্বুলী, রাজমোহন |
| 650 | 0 |
_abiographical dictionary - চরিতাভিধান _94665 |
|
| 942 |
_2ddc _cBK |
||